| 000 | 00577nam a22001937a 4500 | ||
|---|---|---|---|
| 999 |
_c11688 _d11688 |
||
| 003 | AR-CdUCM | ||
| 008 | 190404b ||||| |||| 00| 0 spa d | ||
| 040 |
_aMUNICIPALIDAD PROVINCIAL DEL CUSCO _cBIBLIOTECA MUNICIPAL DEL CUSCO |
||
| 082 |
_aC / 985.0013 / _bB88 |
||
| 100 |
_aBueno Pacheco, Ruben _929177 |
||
| 245 | _a¿por que fracaso el SUTEP? / | ||
| 260 |
_aCusco : _bLlaqta, _c1979. |
||
| 300 |
_a47 páginas ; _c16 cm. |
||
| 650 |
_aMovimiento popular. _93925 |
||
| 650 |
_aSUTEP. _929178 |
||
| 650 |
_aCusco. _9772 |
||
| 942 |
_2ddc _cLIBROS |
||
| 945 |
_awfj _d2019-04-04 |
||